| 000 | 01076cam a2200349 4500 | ||
|---|---|---|---|
| 008 | 090401t1996 xxu||||| |||| 00| 0 eng d | ||
| 020 | _a0406022828 | ||
| 035 | _a(Sirsi) u53561 | ||
| 041 | _aeng | ||
| 050 | _a346.4104342 | ||
| 100 | _aCawthorn, John | ||
| 245 | _aCawthorn and Barraclough : the sale and management of flats : practice and precedents. | ||
| 250 | _a2nd ed. | ||
| 260 |
_aLondon _bButterworths _c1996 |
||
| 300 | _axxxii,594p. ; 25cm. | ||
| 350 | _a65 | ||
| 520 | _aThis edition by Hugh Barraclough. | ||
| 650 | _aBLOCKS OF FLATS | ||
| 650 | _aLEASEHOLD ENFRANCHISEMENT | ||
| 650 | _aBUILT ENVIRONMENT-BUILDING MAINTENANCE AND REFURBISHMENT | ||
| 650 | _aMAISONETTES | ||
| 650 | _aMANAGEMENT COMPANIES | ||
| 650 | _aMANAGEMENT OF FLATS | ||
| 650 | _aRIGHT TO BUY | ||
| 650 | _aSALE OF FLATS | ||
| 650 | _aSERVICES CHARGES | ||
| 650 | _aSHELTERED HOUSING | ||
| 690 | _aPROPERTY-RESIDENTIAL PROPERTY-RESIDENTIAL LANDLORD AND TENANT-RESIDENTIAL TENANCIES | ||
| 700 | _aBarraclough, Hugh G. | ||
| 942 | _n0 | ||
| 948 | _c04/03/1997 | ||
| 999 |
_c93295 _d93295 |
||